000 00885nam a2200253 a 4500
001 BRL_171
005 20190320210622.0
008 720413s1961 nyuab#####---#000-0deng-#
041 _aeng
044 _anyu
050 4 _aDG533
_b.H67 1961
245 1 0 _aThe Horizon book of the Renaissance
_cby the editors of Horizon magazine ; editor in charge Richard M. Ketchum ; author J. H. Plumb ; with biographical essays by Morris Bishop ... [et al.].
260 _aNueva York
_bAmerican Heritage
_c1961
300 _a431 p.
_bil. (algunas a color), mapas
_c31 cm.
500 _aIncluye índice alfabético
500 _aAu193
650 1 4 _aRenacimiento
_zItalia
_923106
650 1 4 _aArte
_zItalia
_923107
700 1 _aKetchum, Richard M.
_d1922-2012
_eed.
_923108
700 1 _aPlumb, John Harold
_d1911-2001
_923109
700 1 _aBishop, Morris
_923110
902 _aGRL
942 _2lcc
_cB
999 _c8984
_d8984